000 00682nam a2200253Ia 4500
003 OSt
005 20221006143612.0
006 a|||||r|||| 00| 0
007 ta
008 221006b |||||||| |||| 00| 0 eng d
020 _cP7.95
024 _a9,429
037 _cTextual
040 _aEASL
_cEASL
_beng
041 _2eng
_aeng
082 _aX:3M24.41.N8, M6
100 _aCHOSSUDOVSKY Michel
245 0 _aTowards capitalist restoration?
_b Chinese socialism after Mao
260 _aLondon
_bMacmillan
_c1986
300 _a252p.
_ccm.
490 _v CEL
942 _hX:3M24.41.N8, M6
_cTEXL
_2CC
999 _c1077515
_d1077515